000 00966nam a2200265 a 4500
001 BRL_1380
005 20190320211156.0
008 090114s1948----mx-a######---#000-0#esp-#
041 _aesp
044 _amx
050 4 _aND253
_b.C37 1948
100 1 _aCarrillo y Gariel, Abelardo
_d1898-1976
_923969
245 1 0 _aIndumentaria colonial
_ba través de la pintura
_ctextos de A. Carrillo y Gariel : fotografías Archivo de la Dirección de Monumentos Coloniales, Museo Nacional de Historia, Luis Márquez ; dibujos J. Fernández.
260 _aMéxico
_bEdiciones de arte
_c1948
300 _a64 p.
_bil.
_c17 cm.
440 0 _aColección Anáhuac de arte mexicano
_v5
_926700
500 _aAu1650
500 _aTexto en: español, inglés, francés e italiano
650 1 4 _aIndumentaria
_zMéxico
_9808
650 1 4 _aPintura mexicana
_93715
700 1 _aMárquez, Luis
_eil.
_926701
700 1 _aFernández, J.
_eil.
_926702
902 _aGRL
942 _2lcc
_cB
999 _c10191
_d10191